|
|
|
|
| LEADER |
00000nab#a22000007a#4500 |
| 001 |
arbauad028624 |
| 003 |
AR-BaUAD |
| 005 |
20250711112329.0 |
| 008 |
971001|||||||||###||||||b###|0###a|spa|| |
| 040 |
|
|
|a AR-BaUAD
|c AR-BaUAD
|b spa
|
| 245 |
1 |
0 |
|a Idea talks (vol.4) with Issey Miyake
|
| 300 |
0 |
|
|b fot.
|
| 500 |
|
|
|a Entrevista al diseñador japonés Issey Miyake.
|
| 653 |
|
|
|a MIYAKE, ISSEY
|
| 653 |
|
|
|a DISEÑADORES DE INDUMENTARIA
|
| 653 |
|
|
|a JAPON
|
| 653 |
|
|
|a VESTUARIO
|
| 653 |
|
|
|a DISEÑO DE INDUMENTARIA
|
| 653 |
|
|
|a DISEÑADORES TEXTILES
|
| 653 |
|
|
|a TEXTURAS
|
| 653 |
|
|
|a OBJETOS
|
| 653 |
|
|
|a DISEÑO TEXTIL
|
| 773 |
0 |
|
|t IDEA
|g no. 264 [set. 1997], p. 102-107
|
| 942 |
|
|
|c ARTI
|
| 952 |
|
|
|0 0
|1 0
|4 0
|7 0
|9 73543
|a AR-BAuAD
|b AR-BAuAD
|d 2025-07-11
|l 0
|p AAQA028624
|r 2025-07-11 11:23:29
|w 2025-07-11
|y ARTI
|
| 990 |
|
|
|a DT199
|b TD
|
| 998 |
|
|
|a AAQ
|b BIBUN76
|
| 999 |
|
|
|c 53216
|d 53216
|